Kertas kerja seminar perdana dan kesihatan pekerjaan di industri pembinaan, 3 April 2008, Kuala Lumpur/
Saved in:
| Corporate Authors: | , |
|---|---|
| Format: | Conference Proceeding Book |
| Published: |
[S.I] :
[s.n],
[2008?].
|
| Subjects: | |
| Tags: |
Add Tag
No Tags, Be the first to tag this record!
|
| Call Number : | TH443 S471 2008 |
MARC
| LEADER | 00000pam a2200000 4500 | ||
|---|---|---|---|
| 001 | 28426 | ||
| 003 | MY-KLNDU | ||
| 005 | 20241218082544.0 | ||
| 035 | |a 0000039927 | ||
| 039 | 9 | |y 200910091814 |z VLOAD | |
| 090 | 0 | 0 | |a TH443 |b S471 2008 |
| 111 | |a Seminar Perdana dan Kesihatan Pekerjaan di Industri Pembinaan ( \d 2008 : \c Kuala Lumpur). | ||
| 245 | 0 | 0 | |a Kertas kerja seminar perdana dan kesihatan pekerjaan di industri pembinaan, 3 April 2008, Kuala Lumpur/ |c anjuran Majlis Negara bagi Keselamatan dan Kesihatan Pekerjaan, Kementerian Sumber Manusia. |
| 260 | 0 | 0 | |a [S.I] : |b [s.n], |c [2008?]. |
| 300 | |a 1v.(various paging) : |b ill.; |c 30cm. | ||
| 500 | 0 | 0 | |a Gift (Hadiah) |
| 650 | 0 | 0 | |a Construction industry |x Safety regulations |x Congresses. |
| 650 | 0 | 0 | |a Industrial safety |x Congresses. |
| 650 | 0 | 0 | |a Industrial hygiene |x Congresses. |
| 650 | 0 | 0 | |a Buildings |x Safety measures |x Congresses. |
| 650 | 0 | 0 | |a Construction industry |x Safety regulations |z Malaysia |x Congresses. |
| 650 | 0 | 0 | |a Industrial safety |z Malaysia |x Congresses. |
| 710 | 1 | 1 | |a Malaysia |c Kementerian Sumber Manusia.Jabatan Keselamatan dan Kesihatan Pekerjaan. |
| 999 | |a vtls000038657 |c 28426 |d 28426 | ||